| 000 | 01764nam a22002537a 4500 | ||
|---|---|---|---|
| 005 | 20240311104447.0 | ||
| 008 | 240307b ||||| |||| 00| 0 eng d | ||
| 020 | _a9788131731499 | ||
| 040 | _cAL | ||
| 041 | _aeng | ||
| 082 |
_223 _a339 _bAGAM |
||
| 100 |
_aVanita Agarwal _9153666 |
||
| 245 |
_aMacroeconomics: _bTheory and Policy |
||
| 260 |
_aUttar Pradesh _bPearson _c2023 |
||
| 300 |
_axvi,400p. _bPB _c23x17cm. |
||
| 365 |
_2Economics _a8111 _b544.00 _c₹ _d680.00 _e20% _f27-02-2024 |
||
| 520 | _aMacroeconomics: Theory and Policy provides students with comprehensive coverage of all the essential concepts of macroeconomics. A balanced approach between theoretical and mathematical aspects of the subject has been adopted to ensure ease and clarity in learning. The book brings classroom teaching directly to the student with the friendly language that it uses. The purpose behind this book is not only to make the study of macroeconomics simple for the students but to enable them to apply it to every day situations and the prevailing economic state of affairs. The wide coverage of topics has been designed for use in courses on macroeconomics at the undergraduate level of Indian universities. Contents: Introduction 1).National Income and its Determination 2).Theories of Consumption and Investment Spending 3).An Analysis of the Monetary Sector 4).The IS-LM Framework: Equilibrium in the Goods and Money Markets 5).Inflation and Unemployment 6).The Open Economy Macroeconomics & the Framework of Macroeconomic Policies | ||
| 650 |
_aNational Income _9153303 |
||
| 650 |
_aTheories of Consumption _9153304 |
||
| 650 |
_aMonetary Sector _9153305 |
||
| 650 |
_aInflation _9153306 |
||
| 700 |
_aAGARWAL (Vanita) _9153307 |
||
| 942 |
_2ddc _cBK |
||
| 999 |
_c230126 _d230126 |
||